000 00435nam a2200181 i 4500
001 bg
100 1 _aSOBCZYŃSKI, Bogusław
245 1 0 _aObróbka szkła /
_cB. Sobczyński, R. Krupa.
260 _aWarszawa :
_bPWSZ,
_c1967.
650 9 _aSzkło
655 _aPodręczniki
700 1 _aKRUPA, Ryszard
040 _cBPK
041 0 _apol
080 _a666.1/.2(07)
942 _cKS
008 s pl f |000 0 pol
999 _c25349
_d25349
856 _uhttp://koha.tu.koszalin.pl/cgi-bin/koha/opac-detail.pl?biblionumber=25349
_yKatalog online BPK